[Event "DEM U18 2009"]
[Site "Willingen GER"]
[Date "2009.05.31"]
[Round "2"]
[White "Falke, Isaak"]
[Black "Korman, Maxim"]
[Result "0-1"]
[Termination "normal"]
[Board "10"]
[WhiteElo "1950"]
[BlackElo "2170"]
[PlyCount "100"]
[WhiteFideId "24614483"]
[BlackFideId "24619787"]
[EventCountry "GER"]
[EventRounds "9"]
[EventType "swiss"]
[EventDate "2009.05.30"]

1. d4 Nf6 2. c4 c5 3. d5 b5 4. cxb5 a6 5. bxa6 Bxa6 6. Nc3 d6 7. Nf3 g6 8. g3
Bg7 9. Bg2 O-O 10. O-O Nbd7 11. Re1 Qc7 12. h3 Rfb8 13. Qc2 Qa5 14. e4 Ne8 15.
Bd2 Qb6 16. Rab1 Nc7 17. b4 cxb4 18. Be3 Qa5 19. Ne2 Bxe2 20. Rxe2 Nb5 21. Rb3
Nc3 22. Rd2 Rc8 23. Qd3 Nc5 24. Bxc5 dxc5 25. Qc4 Qa6 26. Qxa6 Rxa6 27. Bf1
Rxa2 28. Rxa2 Nxa2 29. Nd2 Nc3 30. Bd3 Ra8 31. Nb1 Ra1 32. Kg2 c4 33. Rxb4 cxd3
34. Rb8+ Bf8 35. Nxc3 d2 36. Kf3 Ra3 37. Ke2 Rxc3 38. Kxd2 Ra3 39. Ke2 Kg7 40.
Kd2 g5 41. Ke2 h5 42. Kd2 h4 43. gxh4 gxh4 44. Ke2 Rxh3 45. e5 Rh1 46. f4 Rg1
47. Kf2 Rd1 48. Rd8 Rd4 49. Ke3 h3 50. Kxd4 h2 0-1

[Event "DEM U18 2009"]
[Site "Willingen GER"]
[Date "2009.05.31"]
[Round "2"]
[White "Bradler, Stephan"]
[Black "Häusler, Felix"]
[Result "0-1"]
[Termination "normal"]
[Board "11"]
[WhiteElo "2006"]
[BlackElo "1990"]
[PlyCount "82"]
[WhiteFideId "24629367"]
[BlackFideId "24631337"]
[EventCountry "GER"]
[EventRounds "9"]
[EventType "swiss"]
[EventDate "2009.05.30"]

1. e4 e5 2. Nf3 Nc6 3. Nc3 Nf6 4. Bb5 Bc5 5. Nxe5 Bxf2+ 6. Kxf2 Nxe5 7. d4
Neg4+ 8. Kg1 c6 9. Be2 d6 10. h3 Nh6 11. Bg5 Nhg8 12. Qd2 h6 13. Be3 Ne7 14.
Kh2 Be6 15. b4 d5 16. e5 Ne4 17. Nxe4 dxe4 18. c4 Nf5 19. Bf2 e3 20. Bxe3 Qh4
21. Bf4 g5 22. g3 Nxg3 23. Bxg3 Qxh3+ 24. Kg1 Qxg3+ 25. Kf1 Bh3+ 26. Rxh3 Qxh3+
27. Kg1 Qg3+ 28. Kh1 O-O-O 29. Rd1 h5 30. c5 h4 31. b5 cxb5 32. c6 bxc6 33. Qc1
Kb7 34. Rd3 Qf4 35. Qc5 g4 36. Ra3 Qxd4 37. Qe7+ Rd7 38. Qf6 Rhd8 39. Bf1 h3
40. Rg3 Qe4+ 41. Kg1 Rd2 0-1

[Event "DEM U18 2009"]
[Site "Willingen GER"]
[Date "2009.05.31"]
[Round "2"]
[White "Kelbling, Philipp"]
[Black "Völsgen, Georg"]
[Result "1/2-1/2"]
[Termination "normal"]
[Board "12"]
[WhiteElo "2072"]
[BlackElo "1923"]
[PlyCount "133"]
[WhiteFideId "24669750"]
[BlackFideId "24635901"]
[EventCountry "GER"]
[EventRounds "9"]
[EventType "swiss"]
[EventDate "2009.05.30"]

1. d4 Nf6 2. c4 g6 3. Nc3 Bg7 4. e4 d6 5. f3 O-O 6. Be3 e5 7. d5 Bd7 8. Qd2 a6
9. g4 Ne8 10. Bd3 f5 11. gxf5 gxf5 12. a3 f4 13. Bf2 Nf6 14. O-O-O Qe8 15. Kb1
b6 16. Bf1 Qh5 17. h4 h6 18. Qd3 Qe8 19. Nge2 Nh5 20. Bh3 Bxh3 21. Rxh3 Nd7 22.
Nc1 Nc5 23. Qc2 Kh7 24. Nd3 Nxd3 25. Qxd3 Rg8 26. Rg1 Qf7 27. Rhh1 Bh8 28. b4
Rxg1+ 29. Rxg1 Rg8 30. c5 Rxg1+ 31. Bxg1 Qg8 32. Ne2 b5 33. cxd6 cxd6 34. Bb6
Ng3 35. Nc1 Qb8 36. Ba5 Qc8 37. Qc2 Qxc2+ 38. Kxc2 Bf6 39. Bc7 Be7 40. Nb3 Ne2
41. Na5 Nd4+ 42. Kd1 Nxf3 43. Nb7 Nxh4 44. Bxd6 Bxd6 45. Nxd6 Kg8 46. Nb7 Kf7
47. Nc5 Ng2 48. Nxa6 Ne3+ 49. Ke2 Nc4 50. Nc7 Nxa3 51. Kf3 Nc4 52. Nxb5 Nd2+
53. Kg4 Nxe4 54. Na3 Nf6+ 55. Kf5 f3 56. Nc4 f2 57. Nd2 Nxd5 58. Nf1 Nxb4 59.
Kxe5 Kg6 60. Kf4 h5 61. Ke3 Kg5 62. Kxf2 Kf4 63. Kg2 Nd5 64. Kh3 Kg5 65. Nd2
Nf4+ 66. Kg3 h4+ 67. Kf3 1/2-1/2

[Event "DEM U18 2009"]
[Site "Willingen GER"]
[Date "2009.05.31"]
[Round "2"]
[White "Dupont, Gabriel"]
[Black "Pogan, Nicolas"]
[Result "1/2-1/2"]
[Termination "normal"]
[Board "13"]
[WhiteElo "1852"]
[BlackElo "2050"]
[PlyCount "114"]
[WhiteFideId "4634802"]
[BlackFideId "24673579"]
[EventCountry "GER"]
[EventRounds "9"]
[EventType "swiss"]
[EventDate "2009.05.30"]

1. d4 c6 2. c4 d5 3. Nf3 Nf6 4. Nc3 g6 5. Bg5 Bg7 6. e3 O-O 7. Bd3 Nbd7 8. O-O
a6 9. c5 Re8 10. Bf4 Nh5 11. Re1 f6 12. g4 Nxf4 13. exf4 e5 14. f5 e4 15. fxg6
hxg6 16. Nxe4 dxe4 17. Bxe4 Nf8 18. Nh4 f5 19. gxf5 gxf5 20. Nxf5 Bxf5 21. Bxf5
Qxd4 22. Qh5 Re5 23. Rxe5 Qxe5 24. Kh1 Re8 25. Rg1 Qd5+ 26. f3 Qf7 27. Qg4 Re2
28. Bd3 Re5 29. Bc4 Ne6 30. Rd1 Kf8 31. Rd8+ Ke7 32. Rb8 Qf6 33. Rxb7+ Kf8 34.
Bxe6 Rxe6 35. Rb8+ Re8 36. Rxe8+ Kxe8 37. Qc8+ Kf7 38. Qd7+ Kg8 39. Qe8+ Kh7
40. Qe4+ Kh8 41. Qe8+ Bf8 42. Qh5+ Kg8 43. Qg4+ Kf7 44. Qc4+ Ke8 45. b4 Qxf3+
46. Kg1 Be7 47. Qxa6 Bg5 48. Qc8+ Ke7 49. Qc7+ Kf6 50. Qd6+ Kf5 51. Qf8+ Bf6
52. Qc8+ Ke5 53. Qd7 Kf4 54. Qd2+ Ke4 55. h4 Bxh4 56. a4 Bf6 57. Qg2 Bd4+
1/2-1/2

[Event "DEM U18 2009"]
[Site "Willingen GER"]
[Date "2009.05.31"]
[Round "2"]
[White "Zahn, Benno"]
[Black "Mory, Martin"]
[Result "1-0"]
[Termination "normal"]
[Board "14"]
[WhiteElo "1881"]
[BlackElo "1794"]
[PlyCount "89"]
[WhiteFideId "24636070"]
[BlackFideId "1271001"]
[EventCountry "GER"]
[EventRounds "9"]
[EventType "swiss"]
[EventDate "2009.05.30"]

1. e4 e5 2. Nf3 Nc6 3. Nc3 Nf6 4. a3 d5 5. Bb5 Bg4 6. h3 Bxf3 7. Qxf3 d4 8. Nd5
Be7 9. Nxf6+ Bxf6 10. Bxc6+ bxc6 11. d3 O-O 12. h4 Rb8 13. Qh3 c5 14. b3 a5 15.
a4 Be7 16. g4 c4 17. dxc4 d3 18. Qxd3 Qxd3 19. cxd3 Rxb3 20. Ke2 Rd8 21. Bd2
Rb2 22. Rhb1 Rdb8 23. Rxb2 Rxb2 24. Kd1 Bxh4 25. Kc1 Rb7 26. Rb1 Rxb1+ 27. Kxb1
Bxf2 28. Bxa5 Kf8 29. Bxc7 f6 30. Bd6+ Ke8 31. Kc2 Kd7 32. Bf8 g6 33. Kd2 Kc6
34. Be7 Bh4 35. d4 Kd7 36. Bc5 exd4 37. Bxd4 Kc6 38. a5 h5 39. gxh5 gxh5 40. a6
Bg5+ 41. Ke2 Kc7 42. c5 Kb8 43. c6 Bf4 44. a7+ Ka8 45. Bb6 1-0

[Event "DEM U18 2009"]
[Site "Willingen GER"]
[Date "2009.06.01"]
[Round "3"]
[White "Kachibadze, Georg"]
[Black "Hirneise, Jens"]
[Result "1/2-1/2"]
[Termination "normal"]
[Board "1"]
[BlackTitle "FM"]
[WhiteElo "2171"]
[BlackElo "2308"]
[PlyCount "108"]
[WhiteFideId "24640794"]
[BlackFideId "24614734"]
[EventCountry "GER"]
[EventRounds "9"]
[EventType "swiss"]
[EventDate "2009.05.30"]

1. e4 c5 2. Nf3 Nc6 3. d4 cxd4 4. Nxd4 Nf6 5. Nc3 d6 6. Bg5 e6 7. Qd2 a6 8.
O-O-O Bd7 9. f3 Be7 10. Be3 h5 11. Kb1 Qc7 12. Nxc6 Bxc6 13. Ne2 d5 14. e5 Nd7
15. f4 Nc5 16. Bxc5 Bxc5 17. Nd4 Qb6 18. Be2 h4 19. Bg4 Bxd4 20. Qxd4 Qxd4 21.
Rxd4 Ke7 22. Re1 a5 23. Re3 g6 24. Kc1 Rhc8 25. Rh3 Rh8 26. Kd2 Rab8 27. Ra3
Ra8 28. Bf3 Rhc8 29. Ke3 b5 30. Kd2 b4 31. Re3 Ba4 32. b3 Bb5 33. c4 bxc3+ 34.
Rxc3 Rxc3 35. Kxc3 a4 36. f5 gxf5 37. Rxh4 axb3 38. axb3 Ra2 39. Rh8 Be2 40.
Rh3 Kd7 41. Rh7 Bxf3 42. gxf3 Rf2 43. Rxf7+ Ke8 44. Rb7 Rxf3+ 45. Kd4 f4 46.
Kc5 Rh3 47. Rb4 Ke7 48. Rxf4 Rxb3 49. Ra4 Rc3+ 50. Kd4 Rh3 51. Ra7+ Kf8 52. Ra2
Ke7 53. Ra7+ Kf8 54. Ra2 Ke7 1/2-1/2

[Event "DEM U18 2009"]
[Site "Willingen GER"]
[Date "2009.06.01"]
[Round "3"]
[White "Seyb, Alexander"]
[Black "Bigalke, Tobias"]
[Result "1/2-1/2"]
[Termination "normal"]
[Board "2"]
[WhiteElo "2271"]
[BlackElo "2112"]
[PlyCount "107"]
[WhiteFideId "4699033"]
[BlackFideId "4698282"]
[EventCountry "GER"]
[EventRounds "9"]
[EventType "swiss"]
[EventDate "2009.05.30"]

1. e4 e6 2. d4 d5 3. Nc3 Nf6 4. e5 Nfd7 5. f4 c5 6. Nf3 Nc6 7. Be3 a6 8. Qd2 b5
9. a3 Bb7 10. g3 Qa5 11. Ne2 b4 12. a4 b3 13. c3 h6 14. Bh3 Nb6 15. O-O Nc4 16.
Qc1 cxd4 17. Nexd4 Nxd4 18. Bxd4 Bc8 19. f5 Be7 20. fxe6 Bxe6 21. Bxe6 fxe6 22.
Nd2 Bg5 23. Nxc4 dxc4 24. Qb1 O-O-O 25. Qe4 Qd5 26. Qxd5 Rxd5 27. a5 Rd7 28.
Ra4 Rc7 29. h4 Be7 30. Bb6 Bc5+ 31. Bxc5 Rxc5 32. Rf4 Rxe5 33. Raxc4+ Kd7 34.
Rfd4+ Ke7 35. Rc7+ Kf6 36. Rf4+ Kg6 37. Rb7 Rd8 38. Rxb3 Rd2 39. Rf2 Rxf2 40.
Kxf2 Rxa5 41. Rb7 Kf6 42. Ke3 Ra1 43. Ra7 Rg1 44. Rxa6 Rxg3+ 45. Kd4 g5 46.
hxg5+ hxg5 47. b4 Rg1 48. Ra8 g4 49. Ke4 g3 50. Kf3 g2 51. Rc8 Kf5 52. Kf2 Rb1
53. Kxg2 Ke4 54. Rc5 1/2-1/2

[Event "DEM U18 2009"]
[Site "Willingen GER"]
[Date "2009.06.01"]
[Round "3"]
[White "Huschenbeth, Niclas"]
[Black "Nuber, Blasius"]
[Result "1-0"]
[Termination "normal"]
[Board "3"]
[WhiteTitle "IM"]
[WhiteElo "2425"]
[BlackElo "2104"]
[PlyCount "47"]
[WhiteFideId "24604747"]
[BlackFideId "24620289"]
[EventCountry "GER"]
[EventRounds "9"]
[EventType "swiss"]
[EventDate "2009.05.30"]

1. e4 e5 2. Nf3 Nc6 3. Bb5 a6 4. Bxc6 dxc6 5. O-O Bg4 6. h3 h5 7. d3 Qf6 8. Be3
Ne7 9. Nbd2 Rd8 10. Qe2 Be6 11. Kh1 g6 12. c3 Bg4 13. Kg1 Bxf3 14. Nxf3 Bh6 15.
d4 Bxe3 16. fxe3 exd4 17. exd4 O-O 18. e5 Qg7 19. Ng5 Rde8 20. Ne4 Rd8 21. g4
hxg4 22. Nf6+ Kh8 23. hxg4 g5 24. Qh2+ 1-0

[Event "DEM U18 2009"]
[Site "Willingen GER"]
[Date "2009.06.01"]
[Round "3"]
[White "Poetsch, Hagen"]
[Black "Wendling, Hannes"]
[Result "1-0"]
[Termination "normal"]
[Board "4"]
[WhiteElo "2281"]
[BlackElo "2132"]
[PlyCount "67"]
[WhiteFideId "24615137"]
[BlackFideId "24624284"]
[EventCountry "GER"]
[EventRounds "9"]
[EventType "swiss"]
[EventDate "2009.05.30"]

1. e4 c5 2. Nf3 d6 3. d4 cxd4 4. Nxd4 Nf6 5. Nc3 a6 6. Bg5 e6 7. f4 h6 8. Bh4
Be7 9. Qf3 Qc7 10. O-O-O Nbd7 11. Be2 Rg8 12. Qg3 g5 13. fxg5 Ne5 14. Nf3 Nxf3
15. Qxf3 hxg5 16. Bg3 Bd7 17. Qe3 e5 18. Rhf1 Rc8 19. Rd2 Qc5 20. Qd3 Be6 21.
Nd5 Bxd5 22. exd5 Qa5 23. a3 Qa4 24. c4 b5 25. Rc2 Kf8 26. Qf5 Rd8 27. cxb5
axb5 28. Rc7 Qe4 29. Qxe4 Nxe4 30. Bxb5 g4 31. Bh4 Bg5+ 32. Bxg5 Nxg5 33. Be2
Rh8 34. Rf5 1-0

[Event "DEM U18 2009"]
[Site "Willingen GER"]
[Date "2009.06.01"]
[Round "3"]
[White "Geske, Julian"]
[Black "Strunski, Andreas"]
[Result "1-0"]
[Termination "normal"]
[Board "5"]
[WhiteElo "2241"]
[BlackElo "2329"]
[PlyCount "87"]
[WhiteFideId "24605263"]
[BlackFideId "24606073"]
[EventCountry "GER"]
[EventRounds "9"]
[EventType "swiss"]
[EventDate "2009.05.30"]

1. e4 c5 2. Nf3 e6 3. Nc3 a6 4. d4 cxd4 5. Nxd4 Qc7 6. g3 Nc6 7. Bg2 Nf6 8. O-O
d6 9. Re1 Nd7 10. Nxc6 bxc6 11. Na4 Bb7 12. c4 c5 13. Bf4 Ne5 14. b3 Be7 15.
Nb2 Bf6 16. Qd2 O-O 17. Rad1 Rfd8 18. Nd3 Nc6 19. Nxc5 e5 20. Nxb7 Qxb7 21. Be3
a5 22. Rb1 Be7 23. a3 Rdc8 24. Rec1 h6 25. h4 Nd8 26. Qd5 Qb8 27. Kh2 Rc7 28.
c5 Rc6 29. cxd6 Qxd6 30. Rxc6 Qxc6 31. b4 Qxd5 32. exd5 Rb8 33. b5 Bxa3 34. b6
Nb7 35. d6 Nxd6 36. b7 e4 37. Bxe4 Nxe4 38. Ba7 Bd6 39. Bxb8 Bxb8 40. Rc1 Kh7
41. Rc8 Bd6 42. Kg2 g5 43. Rd8 Bc7 44. Rd7 1-0

[Event "DEM U18 2009"]
[Site "Willingen GER"]
[Date "2009.06.01"]
[Round "3"]
[White "Jorczik, Julian"]
[Black "Tkachuk, Konstantyn"]
[Result "1-0"]
[Termination "normal"]
[Board "6"]
[WhiteTitle "FM"]
[WhiteElo "2354"]
[BlackElo "2214"]
[PlyCount "115"]
[WhiteFideId "24611719"]
[BlackFideId "24647330"]
[EventCountry "GER"]
[EventRounds "9"]
[EventType "swiss"]
[EventDate "2009.05.30"]

1. d4 Nf6 2. c4 g6 3. Nc3 Bg7 4. e4 d6 5. Be2 O-O 6. Nf3 e5 7. O-O Nc6 8. Be3
Ng4 9. Bg5 f6 10. Bh4 g5 11. Bg3 Nh6 12. dxe5 fxe5 13. Nd5 Nf7 14. h4 h6 15.
hxg5 hxg5 16. Nh2 Nd4 17. Bg4 c6 18. Ne3 Qe7 19. Bxc8 Raxc8 20. Qh5 Nd8 21.
Nhg4 N8e6 22. Rad1 Qf7 23. Qxf7+ Kxf7 24. f3 Rh8 25. Be1 b5 26. cxb5 Nxb5 27.
Bb4 Bf8 28. Nc4 c5 29. Bc3 Ned4 30. Kf2 Ke6 31. Nce3 Be7 32. Nd5 Nc7 33. Nxc7+
Rxc7 34. Rh1 Rcc8 35. Ne3 Rcg8 36. a4 Bd8 37. Rxh8 Rxh8 38. Nd5 Nc6 39. Kg3 Rh7
40. b4 cxb4 41. Bxb4 Rb7 42. Bd2 Rb2 43. Be3 Ra2 44. Rc1 Nd4 45. Rc4 Ne2+ 46.
Kh3 a6 47. g3 Ra3 48. Kg4 Ra2 49. Bxg5 Bxg5 50. Kxg5 Nxg3 51. Rc7 Nf5 52. Nf4+
exf4 53. exf5+ Ke5 54. Re7+ Kd5 55. f6 Rg2+ 56. Kxf4 Rg8 57. f7 Rf8 58. Kf5 1-0

[Event "DEM U18 2009"]
[Site "Willingen GER"]
[Date "2009.06.01"]
[Round "3"]
[White "Korman, Maxim"]
[Black "Dann, Matthias"]
[Result "1/2-1/2"]
[Termination "normal"]
[Board "7"]
[WhiteElo "2170"]
[BlackElo "2236"]
[PlyCount "77"]
[WhiteFideId "24619787"]
[BlackFideId "24638056"]
[EventCountry "GER"]
[EventRounds "9"]
[EventType "swiss"]
[EventDate "2009.05.30"]

1. d4 d5 2. Bf4 c6 3. c3 Bf5 4. Nf3 Nd7 5. e3 e6 6. Qb3 Qb6 7. Nbd2 h6 8. a4
Ngf6 9. h3 g5 10. Bh2 Ne4 11. a5 Qxb3 12. Nxb3 a6 13. Nbd2 f6 14. Nxe4 Bxe4 15.
Nd2 Bg6 16. b4 e5 17. Nb3 Bd6 18. Kd2 O-O-O 19. Re1 Rde8 20. Bd3 Bxd3 21. Kxd3
f5 22. dxe5 Bxe5 23. Bxe5 Nxe5+ 24. Kd4 Ng6 25. Nd2 Re6 26. g3 Rhe8 27. Nf3 Kd7
28. h4 g4 29. h5 Re4+ 30. Kd3 Ne5+ 31. Nxe5+ R8xe5 32. Rb1 Kd6 33. Rb2 Re7 34.
Rb3 Ke5 35. Rb2 Rc4 36. Rhb1 Kf6 37. Rb3 Kg5 38. Rh1 Rc7 39. Rb2 1/2-1/2

[Event "DEM U18 2009"]
[Site "Willingen GER"]
[Date "2009.06.01"]
[Round "3"]
[White "Häusler, Felix"]
[Black "Savchenko, Aleksij"]
[Result "0-1"]
[Termination "normal"]
[Board "8"]
[WhiteElo "1990"]
[BlackElo "2239"]
[PlyCount "64"]
[WhiteFideId "24631337"]
[BlackFideId "24611727"]
[EventCountry "GER"]
[EventRounds "9"]
[EventType "swiss"]
[EventDate "2009.05.30"]

1. e4 c5 2. Nf3 e6 3. d4 cxd4 4. Nxd4 a6 5. g3 Nf6 6. Bg2 Qc7 7. O-O d6 8. Nc3
Nc6 9. Be3 Be7 10. Qe2 Bd7 11. Rad1 Rc8 12. f4 Nxd4 13. Rxd4 h5 14. h3 e5 15.
Rd2 Qc4 16. Qd1 Qc6 17. Nd5 Nxd5 18. exd5 Qb5 19. fxe5 dxe5 20. Qf3 f5 21. d6
e4 22. Qf4 Bf6 23. Bxe4 fxe4 24. Qxe4+ Kf7 25. Bd4 Rce8 26. Qh4 Rh6 27. Rdf2
Re6 28. Bxf6 Rhxf6 29. Qd4 Rxf2 30. Rxf2+ Rf6 31. Qe4 Qc5 32. Qe7+ Kg8 0-1

[Event "DEM U18 2009"]
[Site "Willingen GER"]
[Date "2009.06.01"]
[Round "3"]
[White "Müller, Reinhold"]
[Black "Zahn, Benno"]
[Result "1-0"]
[Termination "normal"]
[Board "9"]
[WhiteElo "2264"]
[BlackElo "1881"]
[PlyCount "53"]
[WhiteFideId "24605875"]
[BlackFideId "24636070"]
[EventCountry "GER"]
[EventRounds "9"]
[EventType "swiss"]
[EventDate "2009.05.30"]

1. d4 Nf6 2. c4 g6 3. Nc3 Bg7 4. e4 d6 5. f4 O-O 6. Nf3 Na6 7. Be2 e5 8. O-O
exd4 9. Nxd4 Nc5 10. Bf3 a5 11. Nb3 Nxb3 12. Qxb3 Bg4 13. Qxb7 Bxf3 14. gxf3
Nh5 15. Qd5 Rb8 16. Qxa5 Bd4+ 17. Kh1 Bc5 18. Ne2 Qh4 19. Qe1 Qh3 20. b3 f5 21.
Bb2 fxe4 22. Qc3 exf3 23. Rxf3 Qg4 24. Qh8+ Kf7 25. Qxh7+ Ke8 26. Raf1 d5 27.
Qxc7 1-0

[Event "DEM U18 2009"]
[Site "Willingen GER"]
[Date "2009.06.01"]
[Round "3"]
[White "Pogan, Nicolas"]
[Black "Moshtael, Wesal"]
[Result "0-1"]
[Termination "normal"]
[Board "10"]
[WhiteElo "2050"]
[BlackElo "2133"]
[PlyCount "86"]
[WhiteFideId "24673579"]
[BlackFideId "24618551"]
[EventCountry "GER"]
[EventRounds "9"]
[EventType "swiss"]
[EventDate "2009.05.30"]

1. e4 c5 2. Nc3 e6 3. Nf3 a6 4. d3 b5 5. g3 Bb7 6. Bg2 g6 7. O-O Bg7 8. Re1 d6
9. a3 Nc6 10. Be3 Nd4 11. Bxd4 cxd4 12. Ne2 Qb6 13. c3 dxc3 14. Nxc3 Ne7 15.
Qd2 O-O 16. Kh1 Nc6 17. Rf1 Rac8 18. Rae1 a5 19. Nh4 b4 20. Ne2 Nd4 21. Nxd4
Qxd4 22. axb4 axb4 23. Re2 b3 24. Nf3 Qa4 25. Ne1 Qb5 26. f4 d5 27. e5 Rfe8 28.
d4 Bf8 29. Re3 Rb8 30. Rff3 Ba6 31. g4 Rec8 32. Qf2 Rc1 33. h4 Qa5 34. Kh2 Bb5
35. Nd3 Rc2 36. Qg3 Bxd3 37. Rxd3 Qa1 38. Qh3 Rxb2 39. f5 Qa2 40. fxe6 fxe6 41.
g5 Rxg2+ 42. Qxg2 Qxg2+ 43. Kxg2 b2 0-1

[Event "DEM U18 2009"]
[Site "Willingen GER"]
[Date "2009.06.01"]
[Round "3"]
[White "Völsgen, Georg"]
[Black "Hirschberg, Valerian"]
[Result "1-0"]
[Termination "normal"]
[Board "11"]
[WhiteElo "1923"]
[BlackElo "2079"]
[PlyCount "115"]
[WhiteFideId "24635901"]
[BlackFideId "24628492"]
[EventCountry "GER"]
[EventRounds "9"]
[EventType "swiss"]
[EventDate "2009.05.30"]

1. e4 c5 2. Nc3 Nc6 3. f4 e6 4. Nf3 d5 5. Bb5 Nge7 6. O-O a6 7. Bxc6+ Nxc6 8.
d3 Be7 9. Kh1 d4 10. Ne2 b6 11. a3 Bb7 12. Qe1 Qc7 13. Bd2 O-O 14. g4 Rad8 15.
f5 c4 16. Ng5 Bxg5 17. Bxg5 f6 18. Bd2 exf5 19. gxf5 cxd3 20. cxd3 Ne5 21. Rc1
Qd7 22. Qg3 Rc8 23. Bf4 Qxf5 24. Nxd4 Qh5 25. Ne6 Rf7 26. Rg1 Qf3+ 27. Qxf3
Nxf3 28. Rxc8+ Bxc8 29. Rg3 Ne5 30. Nd4 Nd7 31. Nf5 Nc5 32. Nh6+ Kf8 33. Bd6+
Ke8 34. Nxf7 Kxf7 35. Bxc5 bxc5 36. Kg1 g6 37. Kf2 Ke6 38. Ke3 Ke5 39. b4 cxb4
40. d4+ Kd6 41. axb4 Kc6 42. Kd3 f5 43. exf5 Bxf5+ 44. Kc3 h5 45. Re3 h4 46.
Kc4 h3 47. d5+ Kd6 48. Kd4 Bc8 49. Re8 Bg4 50. Rg8 Bh5 51. Rc8 Be2 52. Rc6+ Kd7
53. Rxg6 Bb5 54. Rh6 Bf1 55. Kc5 Kc7 56. Rh7+ Kd8 57. Kb6 Kc8 58. Ra7 1-0

[Event "DEM U18 2009"]
[Site "Willingen GER"]
[Date "2009.06.01"]
[Round "3"]
[White "Meißner, Felix"]
[Black "Kelbling, Philipp"]
[Result "0-1"]
[Termination "normal"]
[Board "12"]
[WhiteElo "2131"]
[BlackElo "2072"]
[PlyCount "114"]
[WhiteFideId "24671827"]
[BlackFideId "24669750"]
[EventCountry "GER"]
[EventRounds "9"]
[EventType "swiss"]
[EventDate "2009.05.30"]

1. e4 c5 2. Nf3 e6 3. d4 cxd4 4. Nxd4 a6 5. c4 Nf6 6. Nc3 Qc7 7. Nc2 b6 8. Bd3
Bb7 9. Qe2 d6 10. f4 Nbd7 11. b4 b5 12. Bb2 bxc4 13. Bxc4 Be7 14. O-O O-O 15.
Bb3 Rac8 16. Rac1 Nb6 17. Nd4 Qb8 18. a3 Qa8 19. Rfe1 Rfd8 20. Kh1 Rc7 21. Rcd1
Rdc8 22. e5 dxe5 23. fxe5 Nfd5 24. Nxd5 Nxd5 25. Qg4 Kh8 26. Rd3 Nc3 27. Rf1
Bf8 28. Rh3 h6 29. Rd3 Ne4 30. h3 Rd7 31. Re3 Nd2 32. Rf2 Nxb3 33. Rxb3 Bd5 34.
Rd3 Rdc7 35. Rd1 Qb7 36. Rdf1 a5 37. bxa5 Kg8 38. Qd1 Bc5 39. Qd2 Rd7 40. Qf4
Rcd8 41. Kh2 Qa7 42. Rd1 Qxa5 43. Rfd2 Qb6 44. h4 Ra8 45. Qg3 Rad8 46. Kh1 Bb7
47. Nf5 exf5 48. e6 Qxb2 49. Rxd7 Rf8 50. e7 Re8 51. Rd8 Bc6 52. Rxe8+ Bxe8 53.
Qe1 Kh7 54. Rd8 Bc6 55. Qf1 Qb3 56. Qd3 Qe6 57. Qd2 Qxe7 0-1

[Event "DEM U18 2009"]
[Site "Willingen GER"]
[Date "2009.06.01"]
[Round "3"]
[White "Mory, Martin"]
[Black "Falke, Isaak"]
[Result "0-1"]
[Termination "normal"]
[Board "14"]
[WhiteElo "1794"]
[BlackElo "1950"]
[PlyCount "28"]
[WhiteFideId "1271001"]
[BlackFideId "24614483"]
[EventCountry "GER"]
[EventRounds "9"]
[EventType "swiss"]
[EventDate "2009.05.30"]

1. e4 e5 2. f4 exf4 3. Nf3 g5 4. h4 g4 5. Ne5 Nf6 6. Bc4 d5 7. exd5 Bd6 8. d4
Nh5 9. O-O Qxh4 10. Re1 O-O 11. Nc3 f6 12. Nd3 g3 13. Ne2 Qh2+ 14. Kf1 f3 0-1

[Event "DEM U18 2009"]
[Site "Willingen GER"]
[Date "2009.06.02"]
[Round "4"]
[White "Geske, Julian"]
[Black "Huschenbeth, Niclas"]
[Result "1-0"]
[Termination "normal"]
[Board "1"]
[BlackTitle "IM"]
[WhiteElo "2241"]
[BlackElo "2425"]
[PlyCount "103"]
[WhiteFideId "24605263"]
[BlackFideId "24604747"]
[EventCountry "GER"]
[EventRounds "9"]
[EventType "swiss"]
[EventDate "2009.05.30"]

1. e4 c5 2. Nf3 e6 3. Nc3 a6 4. d4 cxd4 5. Nxd4 b5 6. Bd3 Bc5 7. Nb3 Be7 8. O-O
d6 9. Qg4 g6 10. Qe2 Nd7 11. Bd2 Bb7 12. a4 b4 13. Na2 a5 14. c3 bxc3 15. Nxc3
Ngf6 16. Bh6 Bf8 17. Bd2 Be7 18. Rac1 O-O 19. Nb5 Ne5 20. Bb1 Nc6 21. Rc2 e5
22. Rfc1 Ra6 23. f3 Qb8 24. Rc4 Bd8 25. Bd3 Bb6+ 26. Kh1 Nd8 27. Bh6 Ne6 28.
Bxf8 Kxf8 29. Qd2 Ra8 30. R4c2 d5 31. exd5 Nxd5 32. Re1 Qd8 33. Bc4 Ne3 34.
Rcc1 Qg5 35. Bxe6 Rd8 36. Qe2 fxe6 37. Nc5 Bxc5 38. Rxc5 Ng4 39. Rc2 Nf6 40.
Nc3 Nd5 41. Nxd5 Rxd5 42. h3 h5 43. Qe3 Qxe3 44. Rxe3 Rd4 45. Rc7 Rb4 46. Rec3
Rxb2 47. Rd7 e4 48. fxe4 Ke8 49. Rh7 Kd8 50. Rf3 Ke8 51. Rff7 Bxe4 52. Ra7 1-0

[Event "DEM U18 2009"]
[Site "Willingen GER"]
[Date "2009.06.02"]
[Round "4"]
[White "Bigalke, Tobias"]
[Black "Poetsch, Hagen"]
[Result "0-1"]
[Termination "normal"]
[Board "2"]
[WhiteElo "2112"]
[BlackElo "2281"]
[PlyCount "52"]
[WhiteFideId "4698282"]
[BlackFideId "24615137"]
[EventCountry "GER"]
[EventRounds "9"]
[EventType "swiss"]
[EventDate "2009.05.30"]

1. e4 e6 2. f4 d5 3. e5 c5 4. Nf3 Nc6 5. c3 Nh6 6. Na3 f6 7. Nc2 fxe5 8. fxe5
Nxe5 9. Bb5+ Bd7 10. Bxd7+ Nxd7 11. d4 Bd6 12. Bg5 Qb6 13. Qe2 Bc7 14. O-O-O
O-O 15. Bxh6 gxh6 16. Kb1 Rae8 17. g4 Nf6 18. dxc5 Qxc5 19. g5 Ne4 20. Rhg1
Rxf3 21. gxh6+ Kh8 22. Rg7 Ref8 23. Qg2 Be5 24. Ka1 Rf2 25. Qg4 Rxc2 26. Rg1
Qxg1+ 0-1

[Event "DEM U18 2009"]
[Site "Willingen GER"]
[Date "2009.06.02"]
[Round "4"]
[White "Hirneise, Jens"]
[Black "Seyb, Alexander"]
[Result "1/2-1/2"]
[Termination "normal"]
[Board "3"]
[WhiteTitle "FM"]
[WhiteElo "2308"]
[BlackElo "2271"]
[PlyCount "52"]
[WhiteFideId "24614734"]
[BlackFideId "4699033"]
[EventCountry "GER"]
[EventRounds "9"]
[EventType "swiss"]
[EventDate "2009.05.30"]

1. e4 e5 2. Nf3 Nc6 3. Bb5 a6 4. Ba4 Nf6 5. O-O Be7 6. Re1 b5 7. Bb3 d6 8. c3
O-O 9. h3 Na5 10. Bc2 c5 11. d4 Qc7 12. Nbd2 Nc6 13. d5 Nd8 14. a4 Rb8 15. b3
Ne8 16. Nf1 g6 17. N3h2 f6 18. axb5 axb5 19. b4 Nf7 20. Bd3 Ng7 21. Re2 c4 22.
Bb1 Bb7 23. Ng3 Ra8 24. Rea2 Rxa2 25. Rxa2 Ra8 26. Qe2 Qc8 1/2-1/2

[Event "DEM U18 2009"]
[Site "Willingen GER"]
[Date "2009.06.02"]
[Round "4"]
[White "Savchenko, Aleksij"]
[Black "Müller, Reinhold"]
[Result "1/2-1/2"]
[Termination "normal"]
[Board "5"]
[WhiteElo "2239"]
[BlackElo "2264"]
[PlyCount "62"]
[WhiteFideId "24611727"]
[BlackFideId "24605875"]
[EventCountry "GER"]
[EventRounds "9"]
[EventType "swiss"]
[EventDate "2009.05.30"]

1. d4 Nf6 2. Nf3 e6 3. e3 b6 4. Be2 Bb7 5. O-O Be7 6. b3 O-O 7. Bb2 d5 8. Ne5
c5 9. Nd2 Nc6 10. f4 Nd7 11. Nxc6 Bxc6 12. Bd3 Bf6 13. Nf3 g6 14. g4 cxd4 15.
exd4 Nc5 16. Ba3 Nxd3 17. Qxd3 Be7 18. Bxe7 Qxe7 19. Rae1 Qb4 20. c3 Bb5 21.
Qd2 Qd6 22. Rf2 Rae8 23. h4 f6 24. g5 fxg5 25. Nxg5 h6 26. Nh3 Qe7 27. Qc2 Qxh4
28. Qxg6+ Kh8 29. Ng5 Qg3+ 30. Kh1 Qh4+ 31. Kg1 Qg3+ 1/2-1/2